000 00808aam a2200349 4500
005 20251107164836.0
008 150612b2011 xxu||||| |||| 00| 0 spa d
020 _a9789968462556
041 _aESP
082 _a510 A696m
100 _aArias Tencio, Floria
_924550
100 _aPoveda Fernández, William
_982959
245 _aMatemática Elemental
260 _aCosta Rica
260 _bEUCR
260 _c2011
300 _a228 páginas
490 _aTemática General
650 _aMATEMÁTICA
650 _aENSEÑANZA
650 _aNÚMEROS REALES
650 _aPOLINOMIOS
650 _aECUACIONES
650 _aFUNCIONES EXPONENCIALES
650 _aTRIGONOMETRÍA
942 _cBK
_2ddc
999 _c2832
_d2832